000 00609nam a2200181Ia 4500
008 151202s9999||||xx |||||||||||||| ||und||
082 _bPNVM-58950
100 _aदेशपांडे भालचंद्र.
245 _aजन्मसत्र.
260 _bसाकेत प्रकाशन औरंगाबाद.
260 _c58950
300 _a152
600 _aदेशपांडे भालचंद्र.
630 _aजन्मसत्र.
700 _aदेशपांडे भालचंद्र.
730 _aजन्मसत्र.
942 _cBOOK
999 _c1325485
_d1325482